The great commission. (Record no. 9055)

000 -LEADER
fixed length control field 00553nam a2200193 a 4500
001 - CONTROL NUMBER
control field :::00006836$&:&@@
003 - CONTROL NUMBER IDENTIFIER
control field OkBaRHE
005 - DATE AND TIME OF LATEST TRANSACTION
control field 20000607103333.0
008 - FIXED-LENGTH DATA ELEMENTS--GENERAL INFORMATION
fixed length control field j 000 0 eng u
040 ## - CATALOGING SOURCE
Transcribing agency
100 1# - MAIN ENTRY--PERSONAL NAME
Personal name Mackintosh, C. H.
245 14 - TITLE STATEMENT
Title The great commission.
260 ## - PUBLICATION, DISTRIBUTION, ETC. (IMPRINT)
Place of publication, distribution, etc New York, NY., :
Name of publisher, distributor, etc Loizeaux Brothers
Date of publication, distribution, etc nd
300 ## - PHYSICAL DESCRIPTION
Extent 92 p. ;
Dimensions 18 cm.
650 ## - SUBJECT ADDED ENTRY--TOPICAL TERM
Topical term or geographic name as entry element Evangelism
650 ## - SUBJECT ADDED ENTRY--TOPICAL TERM
Topical term or geographic name as entry element Mission of the Church
942 ## - ADDED ENTRY ELEMENTS (KOHA)
Source of classification or shelving scheme
Koha item type Books
Copies
Koha item type Date acquired Full call number Permanent Location Lost status Shelving location Date last seen Damaged status Barcode Price effective from Copy number Withdrawn status Source of classification or shelving scheme Not for loan
Books2010-04-14BV 601 .M3RHEMA Bible Training College General Stacks2010-04-14 68362010-04-141